000 00463nam a22001817a 4500
003 OSt
005 20240706155619.0
008 240706b |||||||| |||| 00| 0 eng d
020 _a978-81-7648-270-7
040 _cSBCL
082 _a001.642
_bRHU-H
100 _aKhurana,Rohit
245 _aHTML 4U
260 _aNew Delhi
_bKul Bhushan Nangia
_c2023
300 _a232p.
650 _2Computer science, information & general works
_aKnowledge
942 _cBOOK
999 _c136137
_d136137